| 000 | 00341cam a22001217a 4500 | ||
|---|---|---|---|
| 008 | 180718b1975 xxu||||| |||| 00| 0 eng d | ||
| 082 | _aH31x54 D459 | ||
| 100 | _aDeshpande, V.S. | ||
| 245 |
_aJudicial review of legislation _cby V.S. Deshpande |
||
| 260 |
_aLucknow _bEastern Book _c1975 |
||
| 300 | _a311p. | ||
| 650 | _aJudicial review --India | ||
| 999 |
_c344011 _d344011 |
||